Erotikon : un'antologia universale dell'arte e della letteratura erotica /
Spremljeno u:
| Glavni autori: | , |
|---|---|
| Format: | Knjiga |
| Jezik: | talijanski |
| Izdano: |
Koln :
Taschen Evergreen ,
c2001
|
| Oznake: |
Bez oznaka, Budi prvi tko označuje ovaj zapis!
|
MARC
| LEADER | 00000nam a22000007i 4500 | ||
|---|---|---|---|
| 001 | IT\ICCU\UM1\0100705 | ||
| 003 | ItRI | ||
| 005 | 20260115231841.0 | ||
| 008 | 081104s2001 it |||||| ||||| |||||c | ||
| 020 | |a 3822859249 | ||
| 040 | |b ita |c importazione bologna sebina | ||
| 041 | 7 | |a ita |2 ISO-639-2 | |
| 100 | 1 | |a Hill, Charlotte |0 IT\ICCU\VEAV\030960 |4 aut | |
| 240 | 1 | 3 | |a An Illustrated Anthology of Sexual Art and Literature |3 IT\ICCU\UM1\0156594 |
| 245 | 1 | 0 | |a Erotikon : |b un'antologia universale dell'arte e della letteratura erotica / |c Charlotte Hill, William Wallace. |
| 260 | |a Koln : |b Taschen Evergreen , |c c2001 | ||
| 300 | |a 478 p. : |b ill ; |c 28 cm. | ||
| 700 | 1 | |a Wallace, William, |d (1947- ) |0 IT\ICCU\SBNV\109311 |4 aut | |
| 942 | |2 ddc |c BK |n 0 | ||
| 952 | |0 0 |1 0 |4 0 |6 DOC_700_453000000000000_HIL |7 0 |9 14256 |a BO |b BO |d 2026-01-15 |i 16640 |l 0 |o DOC 700.453 HIL |p BO16640 |r 2026-01-15 23:18:41 |w 2026-01-15 |x [Sebina 7] [1 v.] |y BK |z 1 v. | ||
| 999 | |c 12301 |d 12301 | ||